00677nam a22002057a 4500003000400000005001700004008004100021020001500062040000900077245013300086260006300219300001100282490001400293650002400307650001900331650002700350700004100377700002500418700002800443OSt20131127101243.0130517s1996 sp ||||| |||| 00| 0 spa d a8486792509 cCDMR00aSobre la intimidadc[coordinadores Antonio Vallés Copeiro del Villar, Hugo Aznar Gómez ; David Calatauyd Chover ...[et al.]] aValenciabFundación Universitaria San Pablo C.E.U.c1996 a234 p.0 aLecciones04aDret a la intimitat04aDret a l'honor04aResponsabilitat (Dret)1 aVallés Copeiro del Villar, Antonio1 aAznar, Hugoecoords.1 aCalatayud Chover, David